000 00313nam a2200133Ia 4500
100 _aColclaser R.A & others
942 _cBK
654 _aelectronic
245 _aElectronic circuits analysis
260 _bJohn wiley and sons
_aNew York
_c1984
082 _a621.38153
_bCOL
300 _a574
546 _aENGLISH
999 _c22787
_d22787